000 00407nam a2200181Ia 4500
001 10200
005 20260306161814.0
008 260306t2005||||xx |||||||||||||| ||spa||
041 _aESP
082 _a909
_bH59
100 _aGrupo Oceano
_eAUT
245 0 _aHistoria universal
260 _c2005
300 _a1216 páginas :
_c26 cm.
650 _aGEN
654 _aCHU
942 _cLIB
_dJUS
_fJUS
_2ddc
_n
999 _c10200
_d10200